The Process of legal research : (Record no. 45154)
[ view plain ]
| 000 -LEADER | |
|---|---|
| fixed length control field | 00603nam a2200217 a 4500 |
| 001 - CONTROL NUMBER | |
| control field | 2507435 |
| 005 - DATE AND TIME OF LATEST TRANSACTION | |
| control field | 20180315090412.0 |
| 008 - FIXED-LENGTH DATA ELEMENTS--GENERAL INFORMATION | |
| fixed length control field | 920403s1992 maua 001 0 eng |
| 010 ## - LIBRARY OF CONGRESS CONTROL NUMBER | |
| LC control number | 92071001 |
| 020 ## - INTERNATIONAL STANDARD BOOK NUMBER | |
| International Standard Book Number | 0316507202 (pbk.) |
| 040 ## - CATALOGING SOURCE | |
| Original cataloging agency | DLC |
| Transcribing agency | DLC |
| 041 ## - LANGUAGE CODE | |
| Language code of text/sound track or separate title | eng |
| 043 ## - GEOGRAPHIC AREA CODE | |
| Geographic area code | n-us--- |
| 080 ## - UNIVERSAL DECIMAL CLASSIFICATION NUMBER | |
| Universal Decimal Classification number | 621 |
| 100 ## - Rafti | |
| Rafti | 27 |
| 101 ## - Shkurtesa | |
| Shkurtesa | MEC |
| 245 04 - TITLE STATEMENT | |
| Title | The Process of legal research : |
| Statement of responsibility, etc | Christina L. Kunz ... [et al.]. |
| 906 ## - LOCAL DATA ELEMENT F, LDF (RLIN) | |
| a | 7 |
| b | cbc |
| c | orignew |
| d | 2 |
| e | opcn |
| f | 19 |
| g | y-gencatlg |
| 942 ## - ADDED ENTRY ELEMENTS (KOHA) | |
| Source of classification or shelving scheme | |
| Item type | Books |
No items available.